000 00607nam a2200217Ia 4500
003 OSt
005 20220925210359.0
006 a|||||r|||| 00| 0
007 ta
008 220923b |||||||| |||| 00| 0 eng d
037 _cGeneral Book
040 _aRTL
_cRTL
_beng
041 _2eng
_aeng
082 _aY:5.212sQ1, Q1.3
100 _aCensus of India 2011
245 0 _aAdministrative atlas Panchayat
_bKerala
260 _aIndia
_bGovt. of India
_c2011
300 _a143p
_ccm.
942 _hY:5.212sQ1, Q1.3
_cGB
_2CC
999 _c554912
_d554912